Azioni, Lavoro, open source, tutorial privacy, punti di vista /

Saved in:
Bibliographic Details
Corporate Author: Technedonne (Author)
Format: Book
Language:Italian
Published: [Bologna]: Technedonne, [2007]
Tags: Add Tag
No Tags, Be the first to tag this record!

MARC

LEADER 00000nam a22000007ib4500
001 IT\ICCU\UBO\3251565
003 ItRI
005 20260115232442.0
008 070718s2007 it |||||| ||||| |||||c
040 |b ita  |c importazione bologna sebina 
041 7 |a ita  |2 ISO-639-2 
110 2 |a Technedonne  |0 IT\ICCU\UBOV\168643  |4 aut 
245 0 0 |a Azioni,  |p Lavoro, open source, tutorial privacy, punti di vista /  |c Technedonne. 
246 1 3 |a Lavoro, open source, tutorial privacy, punti di vista.  |9 IT\ICCU\UBO\3253498 
260 |a [Bologna]: Technedonne,  |c [2007] 
300 |a 160 p. ;  |c 16x16 cm 
500 |a Sulla cop.: Unione europea, Fondo sociale europeo; Ministero del lavoro e della previdenza sociale, Direzione generale per le politiche per l'orientamento e la formazione; Equal iniziativa comunitaria; Regione Emilia-Romagna 
500 |a Descrizione della cop. 
773 0 |w IT\ICCU\UBO\3251552  |t Visioni ed azioni di donne in Rete  |g 2  |a Technedonne  |0 IT\ICCU\UBOV\168643 
791 2 |a Orlando (associazione)  |3 IT\ICCU\RMSV\732867  |y Technedonne 
942 |2 ddc  |c BK  |n 0 
952 |0 0  |1 0  |4 0  |6 DOC_004_000000000000000_TEC  |7 0  |9 25998  |a BO  |b BO  |d 2026-01-15  |i 11087  |l 0  |o DOC 004 TEC  |p BO11087  |r 2026-01-15 23:24:42  |w 2026-01-15  |x [Sebina 5] [v. 2]  |y BK  |z v. 2 
999 |c 22025  |d 22025